1528 1605 1271 1665 1502 1294 1223 1148 1068 1874 1719 1602 1452 1117 1852 1895 1736 1875 1857 1207 1678 1474 1104 1151 1945 1697 1735 1933 1197 1185 1345 1428 1579 1087 1843 1795 1798 1421 1891 1073 1598 1498 1068 1520 1480 1313 1785 1907 1043 1799 1289 1406 1862 1989 1400 1587 1831 1330 1515 1164 1555 1822 1218 1704 1722 1149 1095 1098 1383 1709 1148 1781 1381 1879 1962 1893 1520 1857 1442 1001 1062 1175 1706 1115 1361 1872 1120 1489 1763 1398 1409 1240 1004 1668 1656 1611 1820 1877 1060 BCNSPRNW ULIB Ver.6.0+V

เปลี่ยนเป็นภาษาไทย

Change to English
 แสดงรายละเอียดบรรณานุกรม
  กลับหน้าหลัก

Brief Record : Get Marc (ISO 2709) : E-mail record : QR code < ปิดหน้าต่าง
LEADER : 00000nam 2200000uu 4500
001    13399112908
003     ULIB
008    110916s2552||||th 000 0 tha d
020    9789742556891
090    นว.^bพ541ก 2552
100 0  พัดชา
245 00 กับดักหัวใจ/^cพัดชา
250    พิมพ์ครั้งที่ 1
260    กรุงเทพฯ :^bศิลปาบรรณาคาร,^c2552
300    624 หน้า
945    ^p320^l0^i17079
995    กัณชพร
999     ^aใช้งานได้ทุกระบบ
รายการนี้ยังไม่มีแท็ก
คุณยังไม่ได้ล็อกอิน คุณสามารถมีกิจกรรมร่วมกับเว็บไซต์ได้ แต่ต้องล็อกอินก่อน ::
  ล็อกอิน

รายการสื่อสารสนเทศ

ลำดับที่ ประเภท เลขเรียก/บาร์โค้ด สถานที่ สถานะ
1. วิทยาศาสตร์การแพทย์ และสุขภาพ
วิทยาศาสตร์การแพทย์ และสุขภาพ
นว. พ541ก 2552  
  Barcode: 17079
ห้องสมุดวิทยาเขตสวรรค์ประชารักษ์
►นวนิยาย
บนชั้น
  ขอยืม

รายการใกล้เคียง
    ผู้แต่ง [พัดชา]

BibComment


ยังไม่เคยถูกคอมเมนท์

คอมเมนท์ทรัพยากรรายการนี้
  คอมเมนท์: กับดักหัวใจ พัดชา


 Copyright 2026. Bcnsprnw @Library